000 00628nam a2200193 a 4500
001 000012881
005 20240530073915.0
008 091118s1986 dr c 001 f spa d
040 _aDO-SdBNP
_bspa
_cBNPHU
082 _aRD863.44
_bP328n
100 1 _aPaulino, Aliro,
_d1931-
_929753
245 1 3 _aLa noche que Trujillo volvio /
_cAliro Paulino.
260 _aSanto Domingo :
_bMundo Diplomatico Internacional,
_c1986.
300 _a113 p. :
_bretrs. ;
_c23 cm.
500 _aIncluye datos biográficos del autor en la página 113.
650 0 _aNovela dominicana
_9223
650 0 _aLiteratura dominicana.
_967
049 _aBNPD
999 _c12529
_d12529